00613cam a22001937a 450000100090000000300050000900500170001400800410003101000170007202000150008904000180010405000230012210000250014524500910017026000330026130000410029450400640033570000200039912022623PILC20150319133823.0000526s2000 enka b 001 0 eng  a 00362651  a0747546762 aDLCcDLCdDLC00aHD 38.7b.Z85 20001 aZohar, Danah,d1945-10aSQ :bspiritual intelligence, the ultimate intelligence /cDanah Zohar & Ian Marshall. aLondon :bBloomsbury,c2000. a324 pages :billustrations ;c24 cm. aIncludes bibliographical references (p. 301-306) and index.1 aMarshall, I. N.